Discurso : (Registro nro. 31017)
[ vista simple ]
| 000 -CABECERA | |
|---|---|
| campo de control de longitud fija | 00699nam a2200145 a 4500 |
| 001 - NÚMERO DE CONTROL | |
| campo de control | 000031525 |
| 005 - FECHA Y HORA DE LA ÚLTIMA TRANSACCIÓN | |
| campo de control | 20200930063006.0 |
| 008 - DATOS DE LONGITUD FIJA--INFORMACIÓN GENERAL | |
| campo de control de longitud fija | 110523s1944 dr c 000 | spa d |
| 040 ## - FUENTE DE LA CATALOGACIÓN | |
| Centro catalogador/agencia de origen | DO-SdBNP |
| Lengua de catalogación | spa |
| Centro/agencia transcriptor | BNPHU |
| 049 ## - FONDOS LOCALES (OCLC) | |
| Fondos de biblioteca | BNPD |
| 110 1# - ENTRADA PRINCIPAL--NOMBRE DE ENTIDAD CORPORATIVA | |
| Nombre de entidad corporativa o nombre de jurisdicción como elemento de entrada | República Dominicana. |
| Unidad subordinada | Presidente (1942-1952 : Trujillo Molina) |
| 9 (RLIN) | 57164 |
| 245 10 - MENCIÓN DE TÍTULO | |
| Título | Discurso : |
| Resto del título | Pronunciado por el excelentísimo señor Presidente de la República generalísimo Dr. Rafael Leónidas Trujillo Molina en el Altar de la Patria el día 27 de febrero de 1944 en ocasión del Primer Centenario de la Independencia Nacional. |
| 260 ## - PUBLICACIÓN, DISTRIBUCIÓN, ETC. | |
| Lugar de publicación, distribución, etc. | Ciudad Trujillo, República Dominicana : |
| Nombre del editor, distribuidor, etc. | Imprenta la Nación, |
| Fecha de publicación, distribución, etc. | 1944. |
| 300 ## - DESCRIPCIÓN FÍSICA | |
| Extensión | 24 p. : |
| Otras características físicas | retr. ; |
| Dimensiones | 21 cm. |
| Estado de retiro | Estado de pérdida | Restricciones de uso | No para préstamo | Código de colección | Localización permanente | Ubicación/localización actual | Ubicación en estantería | Fecha de adquisición | Número de inventario | Total de préstamos | Signatura topográfica completa | Código de barras | Fecha visto por última vez | Precio válido a partir de | Tipo de ítem Koha | Nota pública |
|---|---|---|---|---|---|---|---|---|---|---|---|---|---|---|---|---|
| Excluido de préstamo | Raros y valiosos | Patrimonio Dominicano | Patrimonio Dominicano | En catalogación | 27.06.2011 | LF1 | 31525-10 | 25.06.2020 | 25.06.2020 | No se presta | Perteneció a la biblioteca personal de Martínez Boog. |
